<?xml version="1.0" encoding="UTF-8"?>
<record
    xmlns:xsi="http://www.w3.org/2001/XMLSchema-instance"
    xsi:schemaLocation="http://www.loc.gov/MARC21/slim http://www.loc.gov/standards/marcxml/schema/MARC21slim.xsd"
    xmlns="http://www.loc.gov/MARC21/slim">

  <leader>00361nam a22001457a 4500</leader>
  <controlfield tag="003">OSt</controlfield>
  <controlfield tag="008">240827b        |||||||| |||| 00| 0 eng d</controlfield>
  <datafield tag="020" ind1=" " ind2=" ">
    <subfield code="a">9788122310207</subfield>
  </datafield>
  <datafield tag="082" ind1=" " ind2=" ">
    <subfield code="a">294.59 </subfield>
    <subfield code="b">NAC</subfield>
  </datafield>
  <datafield tag="100" ind1=" " ind2=" ">
    <subfield code="a">NAIR, shantha n</subfield>
  </datafield>
  <datafield tag="245" ind1=" " ind2=" ">
    <subfield code="a">Choice of Ancient Indian Wisdom</subfield>
  </datafield>
  <datafield tag="260" ind1=" " ind2=" ">
    <subfield code="a">New Delhi:</subfield>
    <subfield code="b">Hindoology Boks,</subfield>
    <subfield code="c">2008.</subfield>
  </datafield>
  <datafield tag="300" ind1=" " ind2=" ">
    <subfield code="a">306p.</subfield>
  </datafield>
  <datafield tag="942" ind1=" " ind2=" ">
    <subfield code="2">ddc</subfield>
    <subfield code="c">BK</subfield>
  </datafield>
  <datafield tag="999" ind1=" " ind2=" ">
    <subfield code="c">12826</subfield>
    <subfield code="d">12826</subfield>
  </datafield>
  <datafield tag="952" ind1=" " ind2=" ">
    <subfield code="0">0</subfield>
    <subfield code="1">0</subfield>
    <subfield code="2">ddc</subfield>
    <subfield code="4">0</subfield>
    <subfield code="7">0</subfield>
    <subfield code="8">IKS</subfield>
    <subfield code="a">PIET</subfield>
    <subfield code="b">PIET</subfield>
    <subfield code="d">2024-08-27</subfield>
    <subfield code="e">Zafaa Books and Distributors</subfield>
    <subfield code="f">INR</subfield>
    <subfield code="g">295.00</subfield>
    <subfield code="k">ZBD0134</subfield>
    <subfield code="l">0</subfield>
    <subfield code="o">294.59  NAC</subfield>
    <subfield code="p">38389</subfield>
    <subfield code="r">2024-08-27 00:00:00</subfield>
    <subfield code="v">236.00</subfield>
    <subfield code="w">2024-08-12</subfield>
    <subfield code="y">BK</subfield>
  </datafield>
  <datafield tag="952" ind1=" " ind2=" ">
    <subfield code="0">0</subfield>
    <subfield code="1">0</subfield>
    <subfield code="2">ddc</subfield>
    <subfield code="4">0</subfield>
    <subfield code="7">0</subfield>
    <subfield code="8">IKS</subfield>
    <subfield code="a">PIET</subfield>
    <subfield code="b">PIET</subfield>
    <subfield code="d">2024-09-04</subfield>
    <subfield code="e">Zafaa Books and Distributors</subfield>
    <subfield code="f">INR</subfield>
    <subfield code="g">295.00</subfield>
    <subfield code="k">ZBD0169</subfield>
    <subfield code="l">1</subfield>
    <subfield code="o">294.59  NAC</subfield>
    <subfield code="p">38457</subfield>
    <subfield code="r">2025-09-17 00:00:00</subfield>
    <subfield code="s">2025-08-20</subfield>
    <subfield code="v">221.25</subfield>
    <subfield code="w">2024-08-31</subfield>
    <subfield code="y">BK</subfield>
  </datafield>
</record>
